Statistics for The Ultimate Sidemen Quiz

Click here to take the quiz!

General Stats

  • This quiz has been taken 5,466 times
  • The average score is 14 of 15

Answer Stats

HintAnswer% Correct
Who is known as "BLACK GOALIE"?TOBI
99%
what is jj`s brother called?DEJI
97%
who has the most subs in the sidemen?JJ
97%
Who is the tallest sidemen?SIMON
97%
Who has the famous laugh in the sidemen?ETHAN
95%
apart from jj who else in the sidemen has 10m subs?HARRY
95%
Who supports West Ham in the sidemen?ETHAN
94%
Which one of the Sidemen has a brother and sister?HARRY
90%
who has a song called "FWB" out?JJ
87%
Which Sidemen has been proposed to 3 times?SIMON
87%
which sidemen hates fish?SIMON
87%
who has had the most hairstyles in the sidemen?JJ
84%
who is the oldest sidemen?JOSH
84%
Which sidemen used to live outside of England?HARRY
83%
who is the youngest sidemen?HARRY
82%

Score Distribution

Percentile by Number Answered

Percent of People with Each Score

Your Score History

You have not taken this quiz